000 00598cab a2200229 4500
001 WB2909-37
008 090401t1993 xxu||||| |||| 00| 0 eng d
035 _a(Sirsi) u63134
041 _aeng
245 _aRevised draft MPG6 published
260 _c1993
350 _a0
490 _aCS Monthly : Minerals bulletin
_v2(6) March 1993, 2(1)
520 _aOutlines details of the draft MPG6.
650 _aAGGREGATES
650 _aCONSTRUCTION MINERALS
650 _aMINERAL PLANNING
650 _aSAND AND GRAVEL
690 _aMINING AND MINERALS
942 _n0
948 _c04/03/1997
999 _c39251
_d39251